000 00319nam a2200121Ia 4500
008 241028s9999 xx 000 0 und d
041 _aeng
082 _a650.144 ROU
100 _aKathryn Roulston
245 _aInterviewing A Guide To Theory And Practice
260 _bSage
_aLOS ANGELE
_c2022
300 _a332;. P. 22 cm
999 _c42923
_d42923